| 000 | 01081cab a22002295a 4500 | ||
|---|---|---|---|
| 001 | L158908 | ||
| 008 | 150923e20150822xxk 000 0 eng d | ||
| 035 | _a(Sirsi) u158908 | ||
| 041 | 0 | _aeng | |
| 100 | 1 | _aPatrick, J. | |
| 245 | 0 | 0 | _aStill going green? |
| 260 | _c2015 | ||
| 490 |
_aEstates Gazette _v(1534) 29 August 2015, 50-52(3) |
||
| 520 | _aReports on a round table discussion in March 2015 where current industry and policy views were sought on the use of green leases in the UK. The discussion highlighted a number of key themes and issues including the development of Minimum Energy Efficiency Standards (MEES) and the impact of these developments on both the landlord-tenant relationship and environmental practices in commercial buildings. MEES will be introduced from April 2018 and is regarded as a very significant development which has already had a noticeable impact on the sector. | ||
| 590 | _aKA | ||
| 651 | 4 | _aUnited Kingdom | |
| 690 |
_aEnergy _96237 |
||
| 690 |
_aEnvironment _96238 |
||
| 700 | 1 | _aBright, S. | |
| 700 | 1 | _aJaksch, C. | |
| 942 | _n0 | ||
| 999 |
_c84728 _d84728 |
||